00614nam a2200169Ia 4500001001000000003000500010008004100015010001100056040000900067100002700076245007900103260003500182300001100217502010900228650005400337710005300391Para_2875CHAP220125s1988 xx 000 0 und d a201408 cCHAP aMora Aguilera, Gustavo aIncidencia de Phytophtora cinnamomi Rans en el patosistema radical del agu aChapingo, Méx. :b El autor a102 p. aTesis (Ing. Agr. Esp. en Parasitología Agrícola) -- UACh. Departamento de Parasitología Agrícola aAguacate x Enfermedades Phytophythora cinnamomi aUACh. Departamento de Parasitología Agrícola